| 000 | 00742nam a2200265 a 4500 | ||
|---|---|---|---|
| 001 | vtls001528368 | ||
| 003 | NLI | ||
| 005 | 20210627144828.0 | ||
| 008 | 121212s1942 nyu 000 0 eng | ||
| 039 | 9 |
_y201212121616 _zVLOAD |
|
| 040 | 0 |
_aNLI _beng _cXData_1 _eAACR2 |
|
| 041 | 0 | _aeng | |
| 044 | _anyu | ||
| 082 | _a1481519 | ||
| 245 | 0 | 0 |
_aBasic writings of thomas paine : _bcommon sense rights of men age of reason |
| 260 |
_aNew York : _bWilley Book, _c1942 |
||
| 300 |
_a256 p. ; _c22 cm. |
||
| 650 | 0 | _aPolitical science | |
| 710 | 2 |
_aWilley Book _4pbl _9758719 |
|
| 887 | _a | ||
| 901 |
_aIMP29667 _b30.09.1953 |
||
| 902 | _a148 B 1519 | ||
| 949 |
_AVIRTUAITEM _D10000 _X100 _6IMP000029667ENG |
||
| 942 |
_2ddc _cBKS |
||
| 999 |
_aVIRTUA40 _c977936 _d977936 |
||